| Tag |
First Indicator |
Second Indicator |
Subfields |
| LEADER |
00000cam a2200000 a 4500 |
| 001 |
in00001139607 |
| 005 |
20151001051741.0 |
| 007 |
he bmb|||baca |
| 008 |
870902s1863 iluc b 000 0 eng d |
| 035 |
|
|
|a (OCoLC)16631530
|
| 035 |
|
|
|9 AGC5686AM
|
| 040 |
|
|
|a GUA
|c GUA
|d TXA
|d UtOrBLW
|
| 043 |
|
|
|a n-us---
|
| 049 |
|
|
|a TXAI
|
| 090 |
|
|
|a Z1201.S45
|b R6013 W3
|
| 099 |
|
|
|a fiche
|a C
|a 10007
|
| 100 |
1 |
|
|a Rogers, James B.
|
| 245 |
1 |
0 |
|a War pictures :
|b experiences and observations of a chaplain in the U.S. Army, in the war of the southern rebellion /
|c by Rev. J.B. Rogers.
|
| 264 |
|
1 |
|a Chicago :
|b Church & Goodman,
|c 1863.
|
| 300 |
|
|
|a 258 pages :
|b portrait ;
|c 19 cm.
|
| 336 |
|
|
|a text
|b txt
|2 rdacontent
|
| 337 |
|
|
|a microform
|b h
|2 rdamedia
|
| 338 |
|
|
|a microfiche
|b he
|2 rdacarrier
|
| 510 |
4 |
|
|a Sabin
|c 72702
|
| 533 |
|
|
|a Microfiche.
|b Louisville [Ky.] :
|c Lost Cause Press,
|d 1985.
|e 4 microfiches : negative ; 11 x 15 cm.
|f (Selected Americana from Sabin's Dictionary of books relating to America)
|
| 539 |
|
|
|a s
|b 1985
|d kyu
|e n
|
| 500 |
|
|
|a Microform.
|
| 651 |
|
0 |
|a United States
|x History
|y Civil War, 1861-1865
|v Personal narratives.
|
| 999 |
|
|
|a MARS
|
| 999 |
f |
f |
|s 5cdbcfe0-bef1-3760-a738-796cfe6b35e3
|i 6c7fbe77-cca2-3437-a3da-3c9c62464ef8
|t 0
|
| 952 |
f |
f |
|p default
|a Texas A&M University
|b College Station
|c Sterling C. Evans Library
|d Evans: Microforms (3rd floor)
|t 0
|e fiche C 10007
|h Other scheme
|i microform -- microfiche
|
| 998 |
f |
f |
|a fiche C 10007
|t 0
|l Evans: Microforms (3rd floor)
|